000 00539nam a2200181 i 4500
001 92427
003 ES-MaACL
005 20230906180953.0
007 t|
008 050308s1935 ag ||||1| spa d
100 1 _aLillo Catalán, V.
_972295
245 1 0 _aHoracio H. Dobranich y sus mejores páginas
_b: estudio de /
_cV. Lillo Catalán.
260 _aBuenos Aires :
_bRev. Americána,
_c1935.
300 _a94 p. ;
_c25 cm.
600 1 4 _aDobranich, Horacio H.
_944942
852 _aES-MaACL
_j1806-F-25
852 _aES-MaACL
_j1817-F-11
999 _c92427
_d92427